Histoire de la médecine générale de 1945 à nos jours : Mutations d'une profession – Naissance d'une discipline (notice n° 1662575)

détails MARC
000 -LEADER
fixed length control field 02698cam a2200205 4500500
005 - DATE AND TIME OF LATEST TRANSACTION
control field 20260222000359.0
041 ## - LANGUAGE CODE
Language code of text/sound track or separate title fre
042 ## - AUTHENTICATION CODE
Authentication code dc
100 10 - MAIN ENTRY--PERSONAL NAME
Personal name de Beco, Isabelle
Relator term author
245 00 - TITLE STATEMENT
Title Histoire de la médecine générale de 1945 à nos jours : Mutations d'une profession – Naissance d'une discipline
260 ## - PUBLICATION, DISTRIBUTION, ETC.
Name of publisher, distributor, etc. Les Belles lettres,<br/>
Date of publication, distribution, etc. 2022.<br/>
520 ## - SUMMARY, ETC.
Summary, etc. Cet ouvrage retrace le lent cheminement de la discipline généraliste de 1945 à nos jours, dans le contexte de fortes transformations du système de santé français : l’avènement de l’assurance maladie, la multiplication des spécialités médicales, puis la création des Centres Hospitaliers Universitaires, parallèlement à de multiples avancées scientifiques et technologiques. Le champ de la santé se polarise alors sur les spécialités et l’hôpital ; à l’écart de ce mouvement, la médecine générale tend à devenir un secteur dévalué du monde médical, affecté d’un double déficit d’identité et de légitimité. Toutefois, dès 1950, quelques « omnipraticiens » prennent conscience de la particularité de leur exercice. Progressivement, un double mouvement prend forme sur les plans syndicaux et associatifs dans le but de conceptualiser la discipline généraliste et de réhabiliter le statut de ses membres. Cette histoire passe par une longue et profonde période de crise, au sein de laquelle les forces vives du milieu généraliste se sont organisées, malgré leur diversité et leurs divisions, pour faire pleinement reconnaître la place spécifique et incontournable de leur métier. Cette crise, qui croise celle du système de santé, a finalement permis l’émergence d’une spécialité spécifique qui, à la différence des autres, sauvegarde une approche unitaire et globale de la santé et du soin de la personne. L’ouvrage décrit les étapes de cette évolution en présentant le devenir institutionnel, disciplinaire et sociodémographique de la médecine générale, qui éclaire la compréhension de son identité contemporaine. Anne-Marie Bouldouyre-Magnier, Isabelle de Beco, Guillaume Coindard, Yves Gervais, Jean-François Huez, Philippe Sopena, Philippe Van Es, sont médecins généralistes et enseignants universitaires de médecine générale.
700 10 - ADDED ENTRY--PERSONAL NAME
Personal name Magnier, Anne-Marie
Relator term author
700 10 - ADDED ENTRY--PERSONAL NAME
Personal name Coindard, Guillaume
Relator term author
700 10 - ADDED ENTRY--PERSONAL NAME
Personal name Gervais, Yves
Relator term author
700 10 - ADDED ENTRY--PERSONAL NAME
Personal name Huez, Jean-François
Relator term author
700 10 - ADDED ENTRY--PERSONAL NAME
Personal name Sopena, Philippe
Relator term author
700 10 - ADDED ENTRY--PERSONAL NAME
Personal name Van Es, Philippe
Relator term author
856 41 - ELECTRONIC LOCATION AND ACCESS
Uniform Resource Identifier <a href="https://shs.cairn.info/histoire-de-la-medecine-generale-de-1945-a-nos-jours--9782251452883?lang=fr&redirect-ssocas=7080">https://shs.cairn.info/histoire-de-la-medecine-generale-de-1945-a-nos-jours--9782251452883?lang=fr&redirect-ssocas=7080</a>

Pas d'exemplaire disponible.

PLUDOC

PLUDOC est la plateforme unique et centralisée de gestion des bibliothèques physiques et numériques de Guinée administré par le CEDUST. Elle est la plus grande base de données de ressources documentaires pour les Étudiants, Enseignants chercheurs et Chercheurs de Guinée.

Adresse

627 919 101/664 919 101

25 boulevard du commerce
Kaloum, Conakry, Guinée

Réseaux sociaux

Powered by Netsen Group @ 2025